|
|
|
|
| LEADER |
00988nam a2200277 a 4500 |
| 001 |
2125225 |
| 008 |
090603s2001 nyua bi 000 0 eng d |
| 010 |
|
|
|a 97024249
|
| 020 |
|
|
|a 04712229841
|
| 020 |
|
|
|a 0471223964
|
| 040 |
|
|
|a DLC
|c DLC
|d DLC
|
| 082 |
0 |
0 |
|a 657/.044
|2 21
|
| 100 |
1 |
|
|a Kieso, Donald E.
|
| 245 |
1 |
0 |
|a Intermediate accounting /
|c Donald E. Kieso, Jerry J. Weygandt.
|
| 250 |
|
|
|a 10th ed.
|
| 260 |
|
|
|a New York :
|b Wiley,
|c c2001.
|
| 300 |
|
|
|a xxxii, 1423 p. :
|b col. ill. ;
|c 29 cm.
|
| 504 |
|
|
|a Includes bibliographical references and index.
|
| 541 |
1 |
|
|e 00015107
|
| 650 |
|
0 |
|a Accounting.
|
| 700 |
1 |
|
|a Weygandt, Jerry J.
|
| 700 |
1 |
|
|a Warfield,Terry D.
|
| 852 |
4 |
|
|a Ayesha Abed Library
|j General Shelf.
|
| 942 |
0 |
0 |
|0 1
|
| 999 |
|
|
|c 1345
|d 1345
|
| 952 |
|
|
|0 0
|1 0
|2 ddc
|4 0
|6 657_000000000000000__044_KIE_2001
|7 0
|9 1227
|a BRACUL
|b BRACUL
|c GEN
|d 2009-06-25
|g 0.00
|l 7
|m 23
|o 657.044 KIE
|p 3010015107
|r 2017-11-01
|s 2017-10-31
|t 1
|w 2009-06-25
|y BK
|x No price found in the accession register.
|